000 00381nam a22001337a 4500
003 SGT
082 _a617.692
_bT14S
100 _aSHREY, SURI
245 _aTO EVALUATE THE SUCCESS OF ROOT ANALOGUE ZIRCONIA IMPLANT PLACED IN AN IMMEDIATELY EXTRACTED SOCKET
260 _aDELHI NCR
_bSGT UNIVERSITY GURUGRAM
_c2014
300 _a1-68
650 _aPROSTHODONTICS
942 _2ddc
_cTH
999 _c17093
_d17093